000 03919nab a22007097 4500
003 AR-RoUNA
022 _a0327-9022
040 _aAR-RoUNA
_bspa
041 _aspa
044 _aag
245 _aSumma+ /
_bMuseo Memorial
260 _aBuenos Aires ,
_c1993
300 _a128 p. :
_bil. byn.
_bplanos
_c34 X25 cm.
505 0 _tINDICE
505 0 _tMUSEO MEMORIAL - CHILE - SITIO PARA LA MEMORIA
505 0 _aEstudio América / Museo de la memoria y los derechos humanos, Santiago, Chile, 2008. p. 4
505 0 _tEDIFICIOS MUNICIPALES - Brasil - GRANDES LUCES
505 0 _aPaulo Mendes Da Rocha Arq. / Escuela Parque de Arte y Ciencia, San Pablo, Brasil, 2007. p. 14
505 0 _tEDIFICIOS MUNICIPALES - Argentina - DESDE EL LLANO
505 0 _aPelli Clarke Pelli / Centro Municipal del Distrito Sudoeste, Rosario, 2009. p. 24
505 0 _tEDIFICIO MUNICIPALES - Portugal - RESGUARDO INTERIOR
505 0 _aJoâo Lucas Dias / Biblioteca Municipal en Sâo Domingos de Rana, Cascais, 2007. p. 32
505 0 _aAna Carolina Pellegrini / Boloña, Barcelona y Firminy: cuando el proyecto es patrimonio. p. 38
505 0 _a* Iglesia de Saint-Pierre, concluida en 2006 * Pabellón del Espírit Nouveau, Le Corbusier en 1925, reconstruido 1975 y 1977 * Pabellón Alemán de Barcelona, Mies van der Rohe en 1979, reconstruido 1981 y 1986
505 0 _tEDIFICIO MUNICIPALES - Chile - RENOVACIÓN SIMBÓLICA
505 0 _aEmilio Marin + Murúa - Valenzuela / Biblioteca Pública de Licantén, 2009. p. 52
505 0 _tEDIFICIO MUNICIPALES - Brasil - CUBIERTA COMUNITARIA
505 0 _aSilvio Todeschi, Flávio Agostini y Alexandre Campos / Centro Comunitario Parque Da Terceira Água (H30), Minas Gerais, 2009. p. 58
505 0 _tEDIFICIOS MUNICIPALES - México - CONSTRUIR SOBRE CENIZAS
505 0 _aAT103 + BGP / Estación Ave Fénix. Distrito Federal, 2006. p. 62
505 0 _tEDIFICIOS MUNICIPALES - Chile - ROJO FUEGO
505 0 _aGonzalo Nardones Viviani / 18ª Compañia de Bomberos Vitacuba, Santiago de Chile, 2007. p. 68
505 0 _tTEATRO COLÓN
505 0 _aRita Molinos y María Fernanda Sosa / Víctor Meano: el nuevo Teatro Colón y los principales Teatros del mundo. p. 72
505 0 _tPRÁCTICAS EMERGENTES - SANTA FE
505 0 _aRicardo Sargiotti / Eñ ejercicio del diálogo. p. 84
505 0 _aCasa en Colastiné / Colastiné, Santa Fe, 2010. p. 88
505 0 _aCasa Mayol / Santa Fe, 2003. p. 91
505 0 _aEladio 6 / Santa Fe, 2002. p. 93
505 0 _aEladio 7 / Santa Fe, 2004. p. 94
505 0 _aEladio 8 / Santa Fe, 2006. p. 95
505 0 _aEladio 9 / Santa Fe, 2008. p. 96
505 0 _aEladio 11 / Santa Fe, 2009. p. 97
505 0 _aCondominio La Rambla / Santa Fe, 2010. p. 98
505 0 _tINTERIORES - CASA FOA
505 0 _aLuis O´Grady y Carolina Coeti / Casa Foa celebra la historia. p. 102
505 0 _a* Arturo Peruzzotti / Fachada sobre calle Defensa. p. 103
505 0 _aGabriel del Campo / Anticuario. p. 103
505 0 _aMartín Di Peco / ¿En qué se parecen un modisto y un arquitecto?: sobre la muestra ¨en el centro de arquitectura de Ámsterdam. p. 114
505 0 _aCarolina Goeti / Espacios de intimidad y supervivencia. p. 116
505 0 _aIgnacio Ros de Olano / Machu Pucchu en papel. p. 119
505 0 _aRafael E.J. Iglesia y Sandra Rua / Cine y Ciudad, testimonios y casos. p. 120
505 0 _aRoberto Fernández / El Burgués Incómodo: Tessenow en el lugar y tiempo equivocados. p. 122
505 0 _aMario Sabugo / Chateubriand. p. 127
505 0 _aFernando Diez / Adiós al bar el Taller. p. 128
650 _aArquitectura contemporánea
773 0 _aSumma+
_dBuenos Aires, Argentina
_gNº111 (nov-2010), p. 128
_x0327-9022
908 _aImp
942 _2udc
_cART
945 _aMBP
_d2022-07-08
980 _8138
_gCarolina Rainero
_6138
_aCarolina Rainero
999 _c12209
_d12209